| 000 | 01010nam a22003015i 4500 | ||
|---|---|---|---|
| 999 |
_c28124 _d28095 |
||
| 003 | EG-ScBUE | ||
| 005 | 20200217110753.0 | ||
| 008 | 200217s2012 ii a f 001 0 eng d | ||
| 020 | _a9788122431933 | ||
| 040 |
_aEG-ScBUE _beng _erda _cEG-ScBUE _dEG-ScBUE |
||
| 082 | 0 | 4 |
_a546 _bCHA _222 |
| 100 | 1 |
_aChakrabarty, D. K., _eauthor. _911484 |
|
| 245 | 1 | 0 |
_aInorganic chemistry / _cDipak Kumar Chakrabarty, Professor Emeritus, Indian Institute of Technology, Bombay, Mumbai. |
| 250 | _aSecond revised edition. | ||
| 264 | 1 |
_aNew Delhi : _bNew Age International Publishers, _c2012. |
|
| 300 |
_axviii, 456 pages : _billustrations ; _c24 cm. |
||
| 336 |
_atext _btxt _2rdacontent |
||
| 337 |
_aunmediated _bn _2rdamedia |
||
| 338 |
_avolume _bnc _2rdacarrier |
||
| 490 | 0 | _aNew age | |
| 500 | _aIncludes index. | ||
| 500 | _aIncludes appendix. | ||
| 500 | _aFirst edition by 2003 | ||
| 650 | 7 |
_aChemistry, Inorganic. _2BUEsh |
|
| 653 |
_bENGCHE _cFebruary2020 |
||
| 942 |
_2ddc _cBB |
||